[Event "Team men HL chess 2018"]
[Site "Sochi"]
[Date "2018.05.03"]
[Round "3.1"]
[White "Chigaev, Maksim"]
[Black "Kezin, Roman"]
[Result "1-0"]
[WhiteElo "2565"]
[BlackElo "2445"]
[PlyCount "97"]
[EventDate "2018.05.01"]

1. e4 c5 2. Nf3 e6 3. d4 cxd4 4. Nxd4 Nc6 5. Nc3 Qc7 6. Be3 a6 7. Qd2 Nf6 8. f3
Be7 9. O-O-O b5 10. Kb1 Bb7 11. Bf4 Ne5 12. Ndxb5 axb5 13. Nxb5 Qb8 14. Qc3 d6
15. Nc7+ Kf8 16. Nxa8 Bxa8 17. a4 Ng6 18. Bg3 h5 19. h4 Kg8 20. Qa3 Kh7 21. Bb5
d5 22. Qxe7 Qxg3 23. Qxf7 dxe4 24. Qxe6 Rf8 25. Qd6 Qxd6 26. Rxd6 exf3 27. gxf3
Bxf3 28. Rh3 Bg2 29. Rh2 Be4 30. Rd4 Ng4 31. Rhd2 Bf5 32. Rd8 Rf7 33. Be8 Ra7
34. Bxg6+ Kxg6 35. b3 Nf6 36. Kb2 Be4 37. Rf2 Rc7 38. c4 Kf7 39. Rd4 Bb7 40. a5
Ke6 41. Rf1 Ke5 42. Rd8 Ne4 43. Re8+ Kd4 44. Rd1+ Ke3 45. a6 Bc6 46. Re6 Kf3
47. Rd8 Bd7 48. Rf8+ Nf6 49. Re7 1-0

[Event "Team men HL chess 2018"]
[Site "Sochi"]
[Date "2018.05.03"]
[Round "3.2"]
[White "Bublei, Pavel"]
[Black "Zhurikhin, Alexander"]
[Result "1/2-1/2"]
[WhiteElo "2387"]
[BlackElo "2371"]
[PlyCount "104"]
[EventDate "2018.05.01"]

1. d4 Nf6 2. c4 e6 3. Nf3 b6 4. a3 Bb7 5. Nc3 Ne4 6. Nxe4 Bxe4 7. Bg5 Be7 8.
Bxe7 Qxe7 9. Nd2 Bb7 10. e4 Qf6 11. e5 Qf4 12. Nb3 O-O 13. Qd2 Qe4+ 14. Qe2
Qxe2+ 15. Kxe2 Nc6 16. Ke3 f6 17. exf6 Rxf6 18. f3 a5 19. Bd3 Ne7 20. Rhe1 Nf5+
21. Bxf5 Rxf5 22. Nd2 a4 23. Rac1 c5 24. dxc5 Rxc5 25. Rc3 Kf8 26. b4 axb3 27.
Rxb3 Bc6 28. Kd4 Rca5 29. Ree3 R8a6 30. h4 Ke7 31. g4 Ra4 32. Nb1 b5 33. Rb4
bxc4 34. Kxc4 Bd5+ 35. Kd4 R4a5 36. f4 Ba2 37. Nc3 Rxa3 38. f5 Rd6+ 39. Ke5
Ra5+ 40. Kf4 Rd2 41. Nxa2 Raxa2 42. fxe6 dxe6 43. Rb7+ Rd7 44. Rb6 Ra4+ 45. Kg3
Rd6 46. Rb7+ Kf6 47. Rf3+ Kg6 48. h5+ Kh6 49. Rff7 Rd3+ 50. Kh4 Rd5 51. Rxg7
Rxh5+ 52. Kg3 Rg5 1/2-1/2

[Event "Team men HL chess 2018"]
[Site "Sochi"]
[Date "2018.05.03"]
[Round "3.3"]
[White "Aminov, Andrey"]
[Black "Antonenko, Vladimir"]
[Result "1/2-1/2"]
[WhiteElo "2296"]
[BlackElo "2343"]
[PlyCount "95"]
[EventDate "2018.05.01"]

1. e4 c5 2. Nf3 Nc6 3. Bb5 e6 4. Bxc6 bxc6 5. d3 Ne7 6. Qe2 f6 7. e5 d6 8. exd6
Nf5 9. O-O Bxd6 10. Nc3 O-O 11. Ne4 Be7 12. b3 e5 13. a4 g5 14. h3 Nd4 15. Nxd4
cxd4 16. Ba3 Bxa3 17. Rxa3 Be6 18. Raa1 Qe7 19. Rae1 Rae8 20. Qd2 Bd5 21. Qa5
f5 22. Nd2 Rf7 23. c4 dxc3 24. Qxc3 Qf6 25. Re2 e4 26. Rc1 Kg7 27. dxe4 fxe4
28. f3 e3 29. Rxe3 Rxe3 30. Qxe3 Re7 31. Qc3 Re1+ 32. Kf2 Rxc1 33. Qxc1 Qd4+
34. Ke2 Qe5+ 35. Kf1 Qd4 36. Qc2 Kf6 37. Nc4 h5 38. Ke2 g4 39. hxg4 hxg4 40.
Qd3 gxf3+ 41. gxf3 Qxd3+ 42. Kxd3 Bxf3 43. Kd4 Ke6 44. Kc5 Bd5 45. Na5 Kd7 46.
b4 Bg2 47. Nc4 Kc7 48. Ne5 1/2-1/2

[Event "Team men HL chess 2018"]
[Site "Sochi"]
[Date "2018.05.03"]
[Round "3.4"]
[White "Gubsky, Egor"]
[Black "Kostin, Alexey"]
[Result "1/2-1/2"]
[WhiteElo "2303"]
[BlackElo "2291"]
[PlyCount "64"]
[EventDate "2018.05.01"]

1. d4 Nf6 2. c4 e6 3. Nf3 b6 4. g3 Bb7 5. Bg2 Be7 6. O-O O-O 7. Nc3 Ne4 8. Bd2
d6 9. Qc2 Nxc3 10. Bxc3 f5 11. d5 e5 12. b4 Nd7 13. Nd2 Qe8 14. Nb3 Qh5 15. f4
Bf6 16. fxe5 Bxe5 17. e3 Rae8 18. Nd4 Bxd4 19. Bxd4 Ne5 20. Rae1 Bc8 21. Qc3
Bd7 22. Rf4 Re7 23. h3 Rfe8 24. e4 Ng6 25. Rff1 fxe4 26. g4 Qh4 27. Bf2 Qg5 28.
Be3 Qe5 29. Bd4 Qg5 30. Be3 Qe5 31. Bd4 Qg5 32. Be3 Qe5 1/2-1/2

[Event "Team men HL chess 2018"]
[Site "Sochi"]
[Date "2018.05.03"]
[Round "3.1"]
[White "Gusarov, Grigory"]
[Black "Safarian, Armen"]
[Result "1-0"]
[WhiteElo "2367"]
[BlackElo "2144"]
[PlyCount "59"]
[EventDate "2018.05.01"]

1. d4 Nf6 2. Nf3 e6 3. c4 b6 4. g3 Be7 5. Bg2 Bb7 6. O-O O-O 7. Re1 d5 8. cxd5
Nxd5 9. e4 Nf6 10. Nc3 c5 11. d5 exd5 12. exd5 Na6 13. Ne5 Bd6 14. Nc6 Qd7 15.
Bg5 Qf5 16. Re5 Qxe5 17. Nxe5 Bxe5 18. d6 Bxg2 19. Kxg2 Rfd8 20. Qe2 Bxc3 21.
bxc3 Nb8 22. Bxf6 gxf6 23. Qf3 Nd7 24. Re1 Kg7 25. Qg4+ Kh8 26. f4 Nf8 27. Re7
Rxd6 28. Rxf7 Ng6 29. f5 Rd2+ 30. Kh3 1-0

[Event "Team men HL chess 2018"]
[Site "Sochi"]
[Date "2018.05.03"]
[Round "3.2"]
[White "Nazaretyan, Tigran"]
[Black "Ozgibcev, Anatoly"]
[Result "1/2-1/2"]
[WhiteElo "2302"]
[BlackElo "2376"]
[PlyCount "154"]
[EventDate "2018.05.01"]

1. d4 d5 2. c4 e6 3. Nf3 c5 4. cxd5 exd5 5. Nc3 Nc6 6. g3 Nf6 7. Bg2 Be7 8. O-O
cxd4 9. Nxd4 O-O 10. Bf4 Bg4 11. h3 Be6 12. Rc1 Rc8 13. Nxe6 fxe6 14. e4 d4 15.
e5 dxc3 16. exf6 Bxf6 17. bxc3 Qxd1 18. Rfxd1 Na5 19. Rd3 Rfd8 20. Rxd8+ Bxd8
21. h4 Bf6 22. Re1 Re8 23. c4 b6 24. Re4 Nb7 25. Re3 Nc5 26. Ra3 Bd4 27. Rxa7
Nd3 28. Be3 Bxe3 29. fxe3 Ne5 30. Rc7 Rd8 31. Bh3 Rd2 32. Bxe6+ Kf8 33. Bd5 b5
34. Kf1 bxc4 35. Bxc4 Rc2 36. Rc8+ Ke7 37. Be6 Rd2 38. Bb3 Ng4 39. Ke1 Rg2 40.
Rc7+ Kf6 41. Rf7+ Ke5 42. Re7+ Kd6 43. Rxg7 Nxe3 44. Rxh7 Nf5 45. Rh5 Nxg3 46.
Rg5 Re2+ 47. Kd1 Re3 48. h5 Ne4 49. Rg6+ Ke5 50. h6 Rh3 51. Kc1 Rh2 52. Bc2 Nc3
53. a3 Ne2+ 54. Kb1 Nd4 55. Bd3 Rh3 56. Rg5+ Kf4 57. Rd5 Ke3 58. Bc4 Rxh6 59.
a4 Ke4 60. Rg5 Nf3 61. Bd5+ Kf4 62. Rg8 Ra6 63. Bb3 Nd2+ 64. Kc2 Ne4 65. Rc8
Ke3 66. Kb2 Kd4 67. Rc4+ Kd3 68. Ka3 Nc3 69. Rh4 Ra7 70. Bc4+ Kc2 71. Bb3+ Kd3
72. Rh5 Nxa4 73. Bxa4 Kc4 74. Rh1 Ra6 75. Rc1+ Kd4 76. Kb4 Rb6+ 77. Bb5 Rd6
1/2-1/2

[Event "Team men HL chess 2018"]
[Site "Sochi"]
[Date "2018.05.03"]
[Round "3.3"]
[White "Dilmukhametov, Artur"]
[Black "Tenikashvili, Georgij"]
[Result "0-1"]
[WhiteElo "2348"]
[BlackElo "2294"]
[PlyCount "104"]
[EventDate "2018.05.01"]

1. e4 c6 2. d4 d5 3. f3 Qb6 4. Nc3 e5 5. dxe5 Bc5 6. Na4 Qa5+ 7. c3 Bxg1 8.
Rxg1 Ne7 9. Bg5 Ng6 10. b4 Qc7 11. exd5 Qxe5+ 12. Qe2 cxd5 13. O-O-O Be6 14.
Qxe5 Nxe5 15. Bb5+ Nbd7 16. Rge1 a6 17. Nb6 Rb8 18. Ba4 O-O 19. Nxd5 Bxd5 20.
Bxd7 Nxd7 21. Rxd5 Nb6 22. Rd6 Nc4 23. Rd7 b5 24. Ree7 h6 25. Be3 Rfe8 26. Bd4
Rxe7 27. Rxe7 Rc8 28. Kc2 Rc6 29. Bc5 Rg6 30. g3 Rf6 31. f4 g5 32. Bd4 Rc6 33.
Re8+ Kh7 34. Rh8+ Kg6 35. g4 f6 36. f5+ Kg7 37. Ra8 h5 38. h4 gxh4 39. g5 h3
40. gxf6+ Rxf6 41. Bxf6+ Kxf6 42. Rh8 Kg5 43. Rg8+ Kh4 44. f6 h2 45. f7 h1=Q
46. f8=Q Qe4+ 47. Kd1 Qd3+ 48. Ke1 Qd2+ 49. Kf1 Ne3+ 50. Kg1 Qe1+ 51. Kh2 Qe2+
52. Kg1 Kh3 0-1

[Event "Team men HL chess 2018"]
[Site "Sochi"]
[Date "2018.05.03"]
[Round "3.4"]
[White "Mumdgan, Suren"]
[Black "Pogromsky, Mikhail"]
[Result "0-1"]
[WhiteElo "2116"]
[BlackElo "2416"]
[PlyCount "134"]
[EventDate "2018.05.01"]

1. d4 Nf6 2. c4 e6 3. Nf3 b6 4. a3 Bb7 5. Nc3 Ne4 6. Qc2 Nxc3 7. Qxc3 Be7 8. g3
O-O 9. Bg2 c5 10. dxc5 bxc5 11. O-O Qb6 12. Rd1 h6 13. Qc2 Rd8 14. b3 a5 15.
Bb2 d6 16. Bc3 Nd7 17. e4 Nf6 18. Nd2 Bc6 19. Rab1 Qb7 20. Re1 Nd7 21. h3 Bf6
22. Kh2 Bxc3 23. Qxc3 e5 24. h4 Nf8 25. b4 axb4 26. axb4 cxb4 27. Qxb4 Qxb4 28.
Rxb4 Ra2 29. Rd1 Ne6 30. Kg1 Nc5 31. Nf3 f6 32. Rb6 Ra6 33. Rxa6 Nxa6 34. Nd2
Nc5 35. f3 Kf8 36. Nf1 Ne6 37. Ne3 Nd4 38. Kf2 Ra8 39. Rd2 h5 40. Bf1 g6 41.
Be2 Ke7 42. Rb2 Ra3 43. Nc2 Nxc2 44. Rxc2 Kd7 45. Bf1 f5 46. Bg2 Ba4 47. Rb2
fxe4 48. fxe4 Bb3 49. Bf1 Kc6 50. Be2 Kc5 51. g4 hxg4 52. Bxg4 Bxc4 53. Rd2 Bd3
54. Bf3 Kd4 55. Rb2 Ra4 56. Rd2 d5 57. Bd1 Ra1 58. exd5 e4 59. Kg3 e3 60. Rxd3+
Kxd3 61. Bf3 e2 62. Bxe2+ Kxe2 63. Kf4 Ra6 64. Ke5 Kf3 65. d6 Kg4 66. d7 Ra8
67. Kf6 Kh5 0-1

[Event "Team men HL chess 2018"]
[Site "Sochi"]
[Date "2018.05.03"]
[Round "3.2"]
[White "Bogachkova, Alena"]
[Black "Grigorjev, Iljya"]
[Result "1/2-1/2"]
[WhiteElo "2110"]
[BlackElo "2318"]
[PlyCount "95"]
[EventDate "2018.05.01"]

1. c4 Nf6 2. Nc3 d5 3. cxd5 Nxd5 4. g3 g6 5. Bg2 Nb6 6. Nf3 Bg7 7. O-O O-O 8.
d3 Na6 9. Be3 c6 10. Qd2 Re8 11. Rac1 e5 12. Bh6 f6 13. Rfd1 Qe7 14. Bxg7 Kxg7
15. a3 c5 16. Qc2 Be6 17. Nd2 f5 18. e3 Qd7 19. b3 Bf7 20. Nc4 Rad8 21. Na5 Nd5
22. Nxd5 Bxd5 23. e4 Qc7 24. Qc3 fxe4 25. dxe4 Bf7 26. Bf1 Nb8 27. b4 b6 28.
Nb3 c4 29. b5 Rxd1 30. Rxd1 Rc8 31. Nd2 Qd6 32. Rc1 Qd4 33. Qxd4 exd4 34. Bxc4
Nd7 35. f4 Nf6 36. Rc2 Bxc4 37. e5 Be6 38. exf6+ Kxf6 39. Rxc8 Bxc8 40. Nf3 d3
41. Kf2 Kf5 42. Ke3 Kg4 43. Ne5+ Kh3 44. Nxd3 Kxh2 45. Kf2 Bd7 46. a4 Be6 47.
Ne5 Bb3 48. Nc6 1/2-1/2

[Event "Team men HL chess 2018"]
[Site "Sochi"]
[Date "2018.05.03"]
[Round "3.3"]
[White "Grachev, Andrey"]
[Black "Mamedov, Elmin"]
[Result "0-1"]
[WhiteElo "2189"]
[BlackElo "2179"]
[PlyCount "74"]
[EventDate "2018.05.01"]

1. e4 g6 2. d4 d6 3. Nc3 a6 4. Be3 Bg7 5. h4 h5 6. Nf3 Nf6 7. Ng5 O-O 8. Qf3
Nc6 9. Qg3 Ng4 10. O-O-O e5 11. d5 Nd4 12. Bd2 c5 13. f3 Nf6 14. Ne2 b5 15. c3
Nxe2+ 16. Bxe2 Nh7 17. f4 Nxg5 18. hxg5 exf4 19. Bxf4 Re8 20. Bxd6 Rxe4 21. Bc7
Qe8 22. Bf3 Bf5 23. Rhe1 Rxe1 24. Qxe1 Qd7 25. d6 Re8 26. Qf2 b4 27. cxb4 cxb4
28. Bd5 Qb5 29. Rd2 Re5 30. d7 Rxd5 31. d8=Q+ Rxd8 32. Rxd8+ Kh7 33. Bb6 Qc4+
34. Kd1 Bg4+ 35. Kd2 Bc3+ 36. Ke3 Qe6+ 37. Kd3 Bf5+ 0-1

[Event "Team men HL chess 2018"]
[Site "Sochi"]
[Date "2018.05.03"]
[Round "3.4"]
[White "Utiatskaja, Irina"]
[Black "Marinin, Mikhail"]
[Result "1-0"]
[WhiteElo "2159"]
[BlackElo "2146"]
[PlyCount "97"]
[EventDate "2018.05.01"]

1. e4 g6 2. d4 Bg7 3. Nc3 d6 4. Nf3 Nf6 5. Bc4 O-O 6. Qe2 c6 7. Bg5 b5 8. Bd3
b4 9. Nd1 h6 10. Bh4 a5 11. a3 c5 12. dxc5 dxc5 13. O-O Bg4 14. axb4 cxb4 15.
e5 Nd5 16. Be4 Ra7 17. Ne3 Nf4 18. Qb5 Nd7 19. Nxg4 g5 20. Bg3 h5 21. Ne3 Ne6
22. h3 Ndc5 23. Bd5 Qc7 24. Bxe6 Nxe6 25. h4 gxh4 26. Bxh4 Rb8 27. Qd3 Qc5 28.
Nf5 Nf4 29. Qe4 Ng6 30. Nxg7 Kxg7 31. Bg5 Ra6 32. Be3 Qc7 33. Bd4 Rc6 34. c3
bxc3 35. Bxc3 Rc4 36. Qd5 e6 37. Qxa5 Qc6 38. Bd2 Rg4 39. Qc3 Qd5 40. Ra5 Qb7
41. Rc5 Rd8 42. Bg5 Rd7 43. Rc4 Qd5 44. Bf6+ Kh7 45. Ng5+ Kh6 46. Rxg4 hxg4 47.
Qg3 Kh5 48. Qh2+ Nh4 49. Nf3 1-0

[Event "Team men HL chess 2018"]
[Site "Sochi"]
[Date "2018.05.03"]
[Round "3.1"]
[White "Alexeev, Alexey"]
[Black "Jary, Sergey"]
[Result "1/2-1/2"]
[WhiteElo "2287"]
[BlackElo "2297"]
[PlyCount "57"]
[EventDate "2018.05.01"]

1. e4 c5 2. Nf3 Nc6 3. Bb5 g6 4. Bxc6 dxc6 5. d3 Bg7 6. h3 Nf6 7. Nc3 O-O 8.
Be3 Qa5 9. O-O Nd7 10. Bd2 b5 11. Qc1 Re8 12. Ne2 Qc7 13. Bc3 e5 14. Nh2 b4 15.
Bd2 Nf8 16. f4 f5 17. exf5 Bxf5 18. Ng3 Ne6 19. Nxf5 gxf5 20. fxe5 Nd4 21. Rf2
Qxe5 22. Bh6 Bf6 23. Qd2 Ne2+ 24. Kh1 Ng3+ 25. Kg1 Ne2+ 26. Kh1 Ng3+ 27. Kg1
Ne2+ 28. Kh1 Ng3+ 29. Kg1 1/2-1/2

[Event "Team men HL chess 2018"]
[Site "Sochi"]
[Date "2018.05.03"]
[Round "3.2"]
[White "Shemyakin, Valeriy"]
[Black "Truskavetsky, Alexandr"]
[Result "0-1"]
[WhiteElo "2266"]
[BlackElo "2387"]
[PlyCount "54"]
[EventDate "2018.05.01"]

1. d4 Nf6 2. c4 g6 3. Nc3 d5 4. Nf3 Bg7 5. Bg5 Ne4 6. cxd5 Nxg5 7. Nxg5 e6 8.
Nh3 exd5 9. Nf4 c5 10. dxc5 d4 11. Ne4 O-O 12. Qd2 Qe7 13. Nd6 Na6 14. g3 Nxc5
15. Nxc8 Raxc8 16. Bg2 Ne4 17. Nd5 Qe6 18. Qd3 Nc5 19. Qd2 d3 20. Nf4 Qa6 21.
O-O dxe2 22. Rfe1 Rfe8 23. Bf3 Rcd8 24. Bd5 Bh6 25. b4 Ne6 26. Rxe2 Bxf4 27.
gxf4 Rxd5 0-1

[Event "Team men HL chess 2018"]
[Site "Sochi"]
[Date "2018.05.03"]
[Round "3.3"]
[White "Pervakov, Sergey"]
[Black "Kurbedinov, Ramis"]
[Result "1/2-1/2"]
[WhiteElo "2119"]
[BlackElo "2309"]
[PlyCount "91"]
[EventDate "2018.05.01"]

1. e4 c5 2. Nf3 Nc6 3. Bb5 e6 4. Bxc6 bxc6 5. b3 d6 6. O-O Ne7 7. Bb2 Ng6 8.
Re1 Ba6 9. d3 e5 10. Nbd2 Be7 11. Nf1 O-O 12. Ne3 Bc8 13. c3 Bf6 14. d4 exd4
15. cxd4 cxd4 16. Bxd4 Ba6 17. Nf5 Be5 18. Rc1 Qc7 19. Bxe5 dxe5 20. Qd6 Rac8
21. Qxc7 Rxc7 22. g3 Rd8 23. Red1 Rcd7 24. Rxd7 Rxd7 25. h4 Be2 26. Kg2 f6 27.
Rxc6 Bd3 28. Nd2 Ne7 29. Nxe7+ Rxe7 30. Kf3 h5 31. Ke3 Bb5 32. Rc5 Rb7 33. f4
exf4+ 34. gxf4 Be8 35. Nf3 Re7 36. Nd4 Bg6 37. f5 Bf7 38. Kf4 Rd7 39. Ke3 Re7
40. Nf3 g6 41. Nd4 Kg7 42. a3 Kh6 43. fxg6 Bxg6 44. Nf5+ Bxf5 45. Rxf5 Kg6 46.
b4 1/2-1/2

[Event "Team men HL chess 2018"]
[Site "Sochi"]
[Date "2018.05.03"]
[Round "3.4"]
[White "Derjabin, Ilja"]
[Black "Illina, Natalia"]
[Result "1/2-1/2"]
[WhiteElo "2360"]
[BlackElo "2146"]
[PlyCount "118"]
[EventDate "2018.05.01"]

1. Nf3 c5 2. c4 g6 3. g3 Bg7 4. Bg2 Nc6 5. Nc3 d6 6. O-O Nf6 7. d4 cxd4 8. Nxd4
Bd7 9. Nc2 Qc8 10. b3 Bh3 11. Bb2 h5 12. Nd5 Bxg2 13. Kxg2 h4 14. Nxf6+ Kf8 15.
Rh1 Qe6 16. Qd5 Qxe2 17. Nd7+ Kg8 18. Bxg7 Kxg7 19. Nd4 h3+ 20. Kg1 Qb2 21. Rd1
Nxd4 22. Qxd4+ Qxd4 23. Rxd4 Rad8 24. f4 Rxd7 25. Kf2 Rc7 26. Re1 a6 27. a4 Rh5
28. g4 Rhc5 29. Rd3 b5 30. cxb5 axb5 31. axb5 Rxb5 32. Rxh3 Rcb7 33. Rb1 Rb4
34. Rf3 d5 35. Kg3 f6 36. Rd1 R7b5 37. f5 Rxb3 38. Rxb3 Rxb3+ 39. Kg2 Rb2+ 40.
Kg3 Rb3+ 41. Kg2 Rb5 42. Kg3 g5 43. Rd3 Kf7 44. h4 gxh4+ 45. Kxh4 e6 46. Ra3
exf5 47. gxf5 d4 48. Ra7+ Ke8 49. Kg4 d3 50. Kf4 Rd5 51. Ra1 Ke7 52. Ke4 Re5+
53. Kxd3 Rxf5 54. Ke4 Rf2 55. Ke3 Rb2 56. Ra6 Kf7 57. Kf4 Kg6 58. Ra8 Rf2+ 59.
Kg3 Rf1 1/2-1/2

[Event "Team men HL chess 2018"]
[Site "Sochi"]
[Date "2018.05.03"]
[Round "3.1"]
[White "Babarykin, Stanislav"]
[Black "Konaplev, Anton"]
[Result "1-0"]
[WhiteElo "2379"]
[BlackElo "2376"]
[PlyCount "79"]
[EventDate "2018.05.01"]

1. d4 Nf6 2. Bf4 e6 3. e3 c5 4. c3 Nc6 5. Nd2 d5 6. Ngf3 Bd6 7. Bg3 O-O 8. Bb5
Ne7 9. Bd3 Nf5 10. Bxd6 Qxd6 11. O-O b6 12. Ne5 Bb7 13. Qf3 Ne7 14. Qh3 h6 15.
Rad1 a5 16. f4 Ba6 17. Bxa6 Rxa6 18. g4 Ne8 19. dxc5 bxc5 20. g5 Qc7 21. gxh6
g6 22. Ne4 Nf5 23. Ng5 Ned6 24. h7+ Kg7 25. Nxg6 Kxg6 26. h8=Q Rxh8 27. Qxh8
Nxe3 28. h4 Nxf1 29. h5+ Kf5 30. Qe5+ Kg4 31. Rxf1 Ra7 32. Qe2+ Kf5 33. Qe5+
Kg4 34. Kh2 Nf5 35. Qe2+ Kh4 36. Qf3 Ng3 37. Qxg3+ Kxh5 38. Rg1 Qe7 39. Qh3+
Kg6 40. Ne4+ 1-0

[Event "Team men HL chess 2018"]
[Site "Sochi"]
[Date "2018.05.03"]
[Round "3.2"]
[White "Rodin, Dmitrij"]
[Black "Meshkov, Yuri A"]
[Result "1-0"]
[WhiteElo "2412"]
[BlackElo "2315"]
[PlyCount "127"]
[EventDate "2018.05.01"]

1. e4 e5 2. Nf3 Nc6 3. Bb5 a6 4. Ba4 Nge7 5. c3 g6 6. O-O Bg7 7. d4 exd4 8.
cxd4 b5 9. Bb3 Na5 10. Bc2 O-O 11. Nc3 d6 12. Bg5 h6 13. Bh4 Bg4 14. h3 Bxf3
15. Qxf3 g5 16. Bg3 Nac6 17. d5 Ne5 18. Qe3 Nc4 19. Qc1 Ng6 20. Bd3 Nce5 21.
Be2 Qf6 22. Qd2 Nd7 23. Rac1 Qd4 24. Qc2 Nc5 25. Rfd1 Qb4 26. f3 Bd4+ 27. Kh1
Be3 28. Rb1 Nd7 29. a3 Qc5 30. b4 Qa7 31. a4 bxa4 32. Qxa4 Nge5 33. Ra1 Bd4 34.
Qc2 Qb6 35. Ra4 Rfb8 36. Bf1 h5 37. Rxd4 Qxd4 38. Bf2 Qxb4 39. Rxb4 Rxb4 40.
Qd2 f6 41. f4 gxf4 42. Qxf4 a5 43. Be2 a4 44. Bxh5 a3 45. Bg4 a2 46. Be6+ Kg7
47. Nxa2 Rb1+ 48. Nc1 Ng6 49. Qd2 Raa1 50. Bxd7 Rxc1+ 51. Kh2 Rh1+ 52. Kg3 Ra3+
53. Be3 Ne5 54. Qe2 Nxd7 55. Qg4+ Kf8 56. Qxd7 Rxe3+ 57. Kf4 Re2 58. Qc8+ Kf7
59. Qe6+ Kf8 60. Qxf6+ Ke8 61. Qe6+ Kd8 62. Qg8+ Ke7 63. Qg5+ Kf8 64. Qd8+ 1-0

[Event "Team men HL chess 2018"]
[Site "Sochi"]
[Date "2018.05.03"]
[Round "3.3"]
[White "Suslov, Evgeniy"]
[Black "Kalugin, Sergey G"]
[Result "0-1"]
[WhiteElo "2305"]
[BlackElo "2398"]
[PlyCount "62"]
[EventDate "2018.05.01"]

1. Nf3 g6 2. g3 Bg7 3. Bg2 e5 4. O-O d5 5. d3 Ne7 6. e4 O-O 7. Nbd2 Nbc6 8. c3
a5 9. Re1 h6 10. Qc2 Be6 11. b3 b5 12. a3 dxe4 13. Nxe4 b4 14. cxb4 axb4 15. a4
Bd5 16. Bb2 Nf5 17. Rac1 Re8 18. Qd1 h5 19. Rc5 Ra5 20. Qc2 Rxc5 21. Qxc5 Nfe7
22. Ned2 Qd6 23. Qc2 Rd8 24. Nc4 Bxc4 25. dxc4 f6 26. Bf1 Bh6 27. c5 Qd7 28.
Bb5 Kh7 29. Qc4 Qd5 30. Bc1 Qxf3 31. Qf7+ Bg7 0-1

[Event "Team men HL chess 2018"]
[Site "Sochi"]
[Date "2018.05.03"]
[Round "3.4"]
[White "Pogosian, Georgy"]
[Black "Komissarov, Alexey"]
[Result "1/2-1/2"]
[WhiteElo "2155"]
[BlackElo "2197"]
[PlyCount "106"]
[EventDate "2018.05.01"]

1. d4 Nf6 2. c4 g6 3. Nc3 Bg7 4. g3 O-O 5. Bg2 Nc6 6. Nf3 Rb8 7. O-O a6 8. e4
d6 9. h3 b5 10. cxb5 axb5 11. d5 b4 12. Na4 Na5 13. Nd4 Bd7 14. a3 b3 15. Nc3
Qc8 16. Kh2 e5 17. dxe6 fxe6 18. e5 Ne8 19. exd6 cxd6 20. a4 Rb4 21. Ndb5 Nc4
22. Qe2 d5 23. Rb1 Qc5 24. h4 Ned6 25. Nxd6 Qxd6 26. h5 Ne5 27. f4 Nc4 28. Rd1
Rf5 29. Ne4 Qe7 30. Ng5 h6 31. g4 Rf8 32. Bxd5 hxg5 33. Bxc4 Rxc4 34. Qxc4 gxf4
35. Kh3 gxh5 36. Bxf4 hxg4+ 37. Kg3 Qf7 38. Rf1 Qh5 39. Rh1 Qf5 40. Rbe1 Bxb2
41. Re3 Rc8 42. Qxb3 Bd4 43. Rh4 Bxe3 44. Rxg4+ Kf7 45. Bxe3 Qe5+ 46. Rf4+ Kg8
47. Qd3 Rc3 48. Qg6+ Qg7 49. Qxg7+ Kxg7 50. Rf3 Kg6 51. Bb6 Rxf3+ 52. Kxf3 Bxa4
53. Kf4 Kf7 1/2-1/2

[Event "Team men HL chess 2018"]
[Site "Sochi"]
[Date "2018.05.04"]
[Round "4.2"]
[White "Lintchevski, Daniil"]
[Black "Duzhakov, Ilya"]
[Result "1/2-1/2"]
[WhiteElo "2544"]
[BlackElo "2415"]
[PlyCount "136"]
[EventDate "2018.05.01"]

1. e4 c5 2. Nf3 d6 3. d4 cxd4 4. Nxd4 Nf6 5. Nc3 a6 6. Be2 e5 7. Nf3 h6 8. Nd2
Be7 9. Nc4 b5 10. Ne3 O-O 11. Ncd5 Nc6 12. Nxf6+ Bxf6 13. c3 Ne7 14. O-O Bg5
15. Bf3 Bb7 16. Qe2 Qc7 17. Rd1 Bxe3 18. Bxe3 Bc6 19. Rd2 Qb7 20. Rxd6 Bxe4 21.
Bxe4 Qxe4 22. f3 Qh4 23. Bf2 Qg5 24. Rad1 Ng6 25. Be3 Qf5 26. Qd3 Qxd3 27.
R1xd3 Rfe8 28. R3d5 e4 29. f4 Ne7 30. Re5 f6 31. Rxe4 Nf5 32. Rde6 Rxe6 33.
Rxe6 Rd8 34. Kf2 Kf7 35. Rxa6 Rd3 36. Ra7+ Kg8 37. Rb7 Rxe3 38. Rxb5 Nd6 39.
Kxe3 Nxb5 40. a4 Nd6 41. Kd4 Kf7 42. Kd5 Ke7 43. Kc6 Nc4 44. b4 Kd8 45. a5 Kc8
46. a6 Kb8 47. b5 Ka7 48. f5 h5 49. g3 Ne3 50. h4 Nc4 51. Kc7 Nb6 52. Kd6 Nc4+
53. Kc5 Ne3 54. c4 Nxf5 55. Kc6 Nd4+ 56. Kd5 Ne2 57. Kd6 Nd4 58. Kc5 Nc2 59.
Kc6 Nd4+ 60. Kd5 Ne2 61. Kd6 Nd4 62. Ke7 Nf5+ 63. Kd7 Nd4 64. Kd6 g5 65. Kd5
Ne2 66. Kc6 Nd4+ 67. Kd5 Ne2 68. Kc6 Nd4+ 1/2-1/2

[Event "Team men HL chess 2018"]
[Site "Sochi"]
[Date "2018.05.04"]
[Round "4.3"]
[White "Schekachikhin, Maksim"]
[Black "Moiseenko, Vadim"]
[Result "0-1"]
[WhiteElo "2400"]
[BlackElo "2522"]
[PlyCount "88"]
[EventDate "2018.05.01"]

1. d4 d5 2. c4 e6 3. Nc3 Ne7 4. Nf3 Nbc6 5. e3 g6 6. b3 Bg7 7. Bb2 O-O 8. Be2
b6 9. O-O Bb7 10. Rc1 Re8 11. cxd5 exd5 12. Qc2 a6 13. Rfd1 Nf5 14. a3 Nce7 15.
Na2 Rc8 16. Nb4 a5 17. Nd3 Nd6 18. b4 axb4 19. axb4 Ba6 20. Nde5 Bxe2 21. Qxe2
b5 22. Nd2 Nc4 23. Ndxc4 bxc4 24. Qf3 f6 25. Ng4 Qd6 26. e4 f5 27. exf5 Nxf5
28. Ne5 c6 29. Bc3 Rc7 30. Re1 Rce7 31. g3 Qc7 32. b5 Nxd4 33. Bxd4 Bxe5 34. b6
Qd6 35. Rxe5 Rxe5 36. Bxe5 Qxe5 37. Qg4 Qb2 38. Rf1 Qxb6 39. h4 c5 40. h5 Qe6
41. Qd1 d4 42. hxg6 hxg6 43. Qc1 c3 44. Qg5 Qf5 0-1

[Event "Team men HL chess 2018"]
[Site "Sochi"]
[Date "2018.05.04"]
[Round "4.4"]
[White "Smirnov, Artem"]
[Black "Vlasenko, Miroslav"]
[Result "0-1"]
[WhiteElo "2400"]
[BlackElo "2398"]
[PlyCount "96"]
[EventDate "2018.05.01"]

1. d4 f5 2. c4 Nf6 3. Nf3 e6 4. Nc3 Bb4 5. Qb3 a5 6. e3 O-O 7. Be2 b6 8. O-O
Bb7 9. c5 bxc5 10. a3 c4 11. Bxc4 Bxf3 12. axb4 Ng4 13. h3 Qg5 14. Ne2 Nh2 15.
Nf4 Nxf1 16. Kxf1 axb4 17. Rxa8 Bxa8 18. Qxb4 Qd8 19. b3 Nc6 20. Qc3 Ne7 21.
Ba3 Re8 22. Qa5 Kh8 23. g4 Ng6 24. Nh5 fxg4 25. hxg4 Bf3 26. Be2 Qa8 27. Qxa8
Bxe2+ 28. Kxe2 Rxa8 29. Bc1 Rb8 30. f4 Rxb3 31. f5 Nf8 32. e4 Kg8 33. Bf4 d6
34. e5 d5 35. Be3 Kf7 36. Nf4 g6 37. f6 g5 38. Nd3 h6 39. Nc5 Ra3 40. Bd2 Ra7
41. Bb4 Ng6 42. Nd3 Ra1 43. Be1 Nf4+ 44. Nxf4 gxf4 45. Bf2 Ra3 46. Bh4 Re3+ 47.
Kf1 Re4 48. Bf2 f3 0-1

[Event "Team men HL chess 2018"]
[Site "Sochi"]
[Date "2018.05.04"]
[Round "4.1"]
[White "Sychev, Klementy"]
[Black "Goryachkina, Aleksandra"]
[Result "1/2-1/2"]
[WhiteElo "2550"]
[BlackElo "2496"]
[PlyCount "63"]
[EventDate "2018.05.01"]

1. e4 e6 2. d4 d5 3. Nc3 Nf6 4. Bg5 dxe4 5. Nxe4 Be7 6. Bxf6 gxf6 7. Nc3 f5 8.
Qd3 c6 9. O-O-O b6 10. h3 h5 11. Qf3 Bb7 12. Nge2 Qc7 13. Ng3 Nd7 14. Nxh5
O-O-O 15. g4 Nf6 16. Nxf6 Bxf6 17. Bg2 Bxd4 18. gxf5 Rhg8 19. Ne2 Bh8 20. Qe4
Rde8 21. Bf3 Kb8 22. Rhg1 Rgf8 23. h4 exf5 24. Qxf5 Re6 25. Rd2 Bc8 26. Qg5 Rg6
27. Qe3 Re6 28. Qg5 Rg6 29. Qe3 Re6 30. Qg5 Rg6 31. Qe3 Re6 32. Qg5 1/2-1/2

[Event "Team men HL chess 2018"]
[Site "Sochi"]
[Date "2018.05.04"]
[Round "4.2"]
[White "Potapov, Pavel"]
[Black "Demidov, Mikhail"]
[Result "1/2-1/2"]
[WhiteElo "2492"]
[BlackElo "2511"]
[PlyCount "116"]
[EventDate "2018.05.01"]

1. e4 Nf6 2. e5 Nd5 3. d4 d6 4. Nf3 Nb6 5. Be2 g6 6. O-O Bg7 7. Bf4 O-O 8. c3
Nc6 9. Nbd2 Bf5 10. Re1 Qd7 11. Nc4 Rad8 12. Nxb6 axb6 13. exd6 exd6 14. Bb5
Bg4 15. Bg5 f6 16. Bd2 d5 17. Bf1 Rfe8 18. h3 Rxe1 19. Bxe1 Bf5 20. Bd2 Ne7 21.
Nh4 Be6 22. Qc2 Nc8 23. Re1 Re8 24. Bd3 Nd6 25. Nf3 Bf7 26. Rxe8+ Qxe8 27. Bf4
Bf8 28. Kf1 c5 29. Qd1 c4 30. Bc2 b5 31. a3 Ne4 32. Nd2 Nd6 33. Nf3 Ne4 34. Nd2
Nxd2+ 35. Qxd2 g5 36. Bg3 Bg6 37. Bc7 Kf7 38. Bxg6+ Kxg6 39. Qe2 Qxe2+ 40. Kxe2
f5 41. Be5 g4 42. Bf4 Kh5 43. hxg4+ fxg4 44. f3 Be7 45. Kf2 Bh4+ 46. g3 Be7 47.
Ke2 gxf3+ 48. Kxf3 Kg6 49. g4 Bd8 50. Kg3 h5 51. gxh5+ Kxh5 52. Kf3 Be7 53. Kg3
Bf6 54. Kf3 Bd8 55. Kg3 Kg6 56. Kg4 Be7 57. Be3 Bd6 58. Bf4 Bxf4 1/2-1/2